000 00542nam a2200181 i 4500
001 41170
003 ES-MaACL
005 20230906160402.0
007 t|
008 030310s1973 sp ||||1| cat d
080 _a576.11
100 1 _aCarulla, R. Ll.
_935914
245 1 2 _aL'evolució de les espécies és un mite
_b: tol l'univers és el resultat de l'acte creacional /
_cR. Ll. Carulla.
260 _aManresa :
_b[s.n.,
_c1973]
300 _a113 p. ;
_c22 cm.
650 4 _aEvolución.
_912625
852 _aES-MaACL
_jC-52385
_bR.86082
999 _c41170
_d41170